Top 15 Największe Miasta polski - Statystyki

Ogólne statystyki
  • Ten quiz został rozwiązany 319 razy
  • Średni wynik to 12 z 15
Statystyki odpowiedzi
Ludność Odpowiedź % Poprawnych
1.77 mln Warszawa
99%
774 tys Kraków
98%
641 tys Wrocław
95%
446 tys Gdańsk
94%
682 tys Łódź
91%
535 tys Poznań
91%
294 tys Katowice
87%
402 tys Szczecin
87%
350 tys Bydgoszcz
84%
246 tys Gdynia
81%
339 tys Lublin
81%
297 tys Białystok
78%
223 tys Częstochowa
54%
212 tys Radom
52%
204 tys Sosnowiec
42%
Nie znaleziono quizów pasujących do podanych kryteriów
Rozkład punktacji
Procent ludzi z każdym wynikiem
Percentyl według liczby udzielonych odpowiedzi
Twoja historia wyników
Nie rozwiązałeś tego quizu